Señales de mala administración del gasto público
Uloženo v:
| Médium: | Text |
|---|---|
| Témata: | |
| Tagy: |
Přidat tag
Žádné tagy, Buďte první, kdo vytvoří štítek k tomuto záznamu!
|
MARC
| LEADER | 00000 a a2200000 04500 | ||
|---|---|---|---|
| 001 | 6843 | ||
| 003 | |||
| 040 | |||
| 245 | |a Señales de mala administración del gasto público | ||
| 650 | |a GASTOS PUBLICOS | ||
| 650 | |a ADMINISTRACION PUBLICA | ||
| 650 | |a POLITICA FISCAL | ||
| 650 | |a CORRUPCION POLITICA | ||
| 650 | |a EL SALVADOR | ||
| 773 | |g volumen 28, número 1254; páginas 7-8 | ||
| 999 | |c 40162 |d 40162 | ||
